LEADER 01217nam a2200313 a 4500 001 000000149758 003 CaOOAMICUS 005 20160225173538.0 008 160225s2004 it a u000 u ita r 020 $a88-8025-422-7* 032 $aLibriCat 040 $aPUL$bita 082 04$a263 245 02$aL'Europa dei pellegrini /$ca cura di Luciano Vaccaro. 260 $aMilano :$bCentro Ambrosiano,$c©2004. 300 $a480 p. :$bill. ;$c18 cm. 490 1 $aEuropa ricerche ;$v9 504 $aBibliografia in nota a piè pagina. 650 4$aPellegrini e pellegrinaggi$xStoria.$0(OLS)http://pul/subject/11986 700 1 $aVaccaro, Luciano.$0(OLS)http://pul/name/8200 830 0$aEuropa ricerche ;$v9.$0(OLS)http://pul/title/55639 850 $aPUL 852 $aPUL$W1$xSL Religione 3$y85$m263 VACLU 1$j172405$qDDC 21$B174105$CPULBib$Z2$F174105 $H127319 $81 941 1 $a9 996 $6020$a88-8025-422-7*$9(OLS)http://pul/number/159859 996 $6082$a263$9(OLS)http://pul/classification/1774 996 $6245$aL'Europa dei pellegrini$9(OLS)http://pul/title/188788 996 $6260$aMilano :$bCentro Ambrosiano$9(OLS)http://pul/publisher/64424 LEADER 01941nam a2200361 a 4500 001 000000166290 003 CaOOAMICUS 005 20180301093428.0 008 180301s2017 it u000 u ita r 020 $a978-88-97789-44-4* 032 $aLibriCat 040 $aPUL$bita 041 0 $aita$aeng 110 2 $aPontificio Istituto Orientale.$bSimposio$d(2017 :$cRoma).$0(OLS)http://pul/name/107225 245 13$aIl CCEO strumento per il futuro delle chiese orientali cattoliche :$batti del Simposio di Roma, 22-24 febbraio 2017: centenario del Pontificio Istituto Orientale (1917-2017) /$ca cura di - edited by G. Ruyssen, S. Kokkaravalayil. 260 $aRoma :$bPontificio Istituto Orientale,$c©2017$aRoma :$bEdizioni Orientalia christiana 300 $a885 p. ;$c24 cm. 490 1 $aKanonika ;$v25 500 $aSul front.: Pontificio Istituto Orientale. 504 $aBibliografia in nota. 546 $aInterventi in italiano e inglese. 650 4$aChiese orientali$xCongressi.$0(OLS)http://pul/subject/16536 700 1 $aKokkaravalayil, Sunny Thomas,$cS.I.,$d1964-$0(OLS)http://pul/name/68304 700 1 $aRuyssen, Georges Henri,$cS.I.,$d1967-$0(OLS)http://pul/name/72420 830 0$aKanonika ;$v25.$0(OLS)http://pul/title/21932 850 $aPUL 852 $aPUL$W1$xSL Diritto Canonico 3$y77$m262. 99 CAN.7 4.25$j190817$qDDC 21$B193712$CPULBib$Z2$F193712 $H130567 $82 941 1 $a9 996 $6020$a978-88-97789-44-4*$9(OLS)http://pul/number/163620 996 $6245$aIl CCEO strumento per il futuro delle chiese orientali cattoliche :$batti del Simposio di Roma, 22-24 febbraio 2017: centenario del Pontificio Istituto Orientale (1917-2017)$9(OLS)http://pul/title/206007 996 $6260$aRoma :$bPontificio Istituto Orientale$9(OLS)http://pul/publisher/50733 996 $6260$aRoma :$bEdizioni Orientalia christiana$9(OLS)http://pul/publisher/54863